Colour of London tubes lines - Statistics

General Stats
  • This quiz has been taken 80 times
  • The average score is 9 of 14
Answer Stats
Hint Answer % Correct
Central red
100%
Circle Yellow
99%
Bakerloo Brown
97%
Hammersmith & city Pink
97%
Victoria Blue
94%
District Green
94%
Northern Black
93%
Jubilee Grey
91%
Piccadilly dark Blue
85%
Waterloo turquoise
47%
Elizabeth Line double line purple
15%
DLR double line blue
13%
London Overground double line orange
10%
Metropolitan Magneta
6%
No matching quizzes found
Score Distribution
Percent of People with Each Score
Percentile by Number Answered
Your Score History
You have not taken this quiz